000
00333 a2200157 4500
001
190631
020
_a
978-85-67020-89-1
040
_c
Magnum
100
_a
Rocha, LavĂnia
240
1
0
_a
De olhos fechados
_l
por
245
1
0
_a
De olhos fechados
300
_a
253
362
0
_a
2014
697
_a
LITERATURA JUVENIL
942
_c
BK
999
_c
190631
_d
190631